000 00792nas a22001577a 4500
008 210325b th ||||| |||| 00| 0 tha d
041 0 _atha
245 1 0 _aนิตยสารการท่าเรือ
260 3 _bบริษัททวีวัฒน์ เพรส จำกัด
310 _aรายสองเดือน
850 _aNALT
942 _cJNR
997 _c41038
999 _c81038
_d81038